Logo Biblioteca

El país de las mujeres / (Registro nro. 655)

Detalles MARC
000 -LEADER
fixed length control field 01252aam a2200241 a 4500
001 - CONTROL NUMBER
control field 001302883
003 - CONTROL NUMBER IDENTIFIER
control field AR-RoUNCS
005 - DATE AND TIME OF LATEST TRANSACTION
control field 20251028143708.0
008 - FIXED-LENGTH DATA ELEMENTS--GENERAL INFORMATION
fixed length control field 140228s2014 ag r 001 f spa |
020 ## - INTERNATIONAL STANDARD BOOK NUMBER
International Standard Book Number 978-950-580-686-3
040 ## - CATALOGING SOURCE
Original cataloging agency AR-RoUNCS
Transcribing agency AR-RoUNCS
080 ## - UNIVERSAL DECIMAL CLASSIFICATION NUMBER
Universal Decimal Classification number 82-31(728.5)
100 1# - MAIN ENTRY--PERSONAL NAME
Personal name Belli, Gioconda,
Dates associated with a name 1948-
Relator term autora
245 13 - TITLE STATEMENT
Title El país de las mujeres /
Statement of responsibility, etc. Gioconda Belli.
250 ## - EDITION STATEMENT
Edition statement 1a ed.
260 ## - PUBLICATION, DISTRIBUTION, ETC.
Place of publication, distribution, etc. Buenos Aires :
Name of publisher, distributor, etc. Booket,
Date of publication, distribution, etc. 2014.
300 ## - PHYSICAL DESCRIPTION
Extent 278 p. ;
Dimensions 23 cm.
520 3# - SUMMARY, ETC.
Summary, etc. En las elecciones de Faguas –país imaginario que aparece en las novelas de Gioconda Belli– ha triunfado el PIE (Partido de la Izquierda Erótica). Sus atrevidas integrantes tienen un propósito inclaudicable: cambiar el rumbo de su país, limpiarlo como si se tratara de una casa descuidada, barrerlo hasta sacarle brillo. Pero nada de esto resulta fácil para la presidenta Viviana Sansón y sus ministras, sometidas a constantes ataques por parte de sus enemigos. ¿Podrán sobrellevarlo y sobrevivir? ¿Será Faguas, al final de su administración, un país mejor?
Assigning source (Descripción del editor).
586 ## - AWARDS NOTE
Awards note Premio La Otra Orilla, 2010.
650 #4 - SUBJECT ADDED ENTRY--TOPICAL TERM
Topical term or geographic name entry element LITERATURA HISPANOAMERICANA
Chronological subdivision SIGLO XXI
655 #4 - INDEX TERM--GENRE/FORM
Genre/form data or focus term NOVELA
942 ## - ADDED ENTRY ELEMENTS (KOHA)
Source of classification or shelving scheme Universal Decimal Classification
Koha item type Libro de préstamo a domicilio
Existencias
Withdrawn status Lost status Source of classification or shelving scheme Damaged status Not for loan Collection Home library Current library Date acquired Source of acquisition Total checkouts Full call number Barcode Date last seen Price effective from Koha item type
    Universal Decimal Classification     Colección General Biblioteca Escuela de Ciencias Sociales Biblioteca Escuela de Ciencias Sociales 28/10/2025 Donación 2025   82-31(728.5) B443 001477 28/10/2025 28/10/2025 Libro de préstamo a domicilio
Biblioteca de la Escuela Preuniversitaria en Ciencias Sociales y Humanísticas.
Riobamba 250 bis.
CP 2000 - Rosario - Santa Fe
E-Mail: biblioteca@esociales.unr.edu.ar